Zdanenie v EÚ - sústava daní a správa daní v Poľsku

Problematika poľskej daňovej sústavy. Podrobná analýza poľského daňového systému a následná komparácia so slovenskou daňovou sústavou.

Gespeichert in:
Bibliographische Detailangaben
1. Verfasser: Mečár, Miroslav
Weitere Verfasser: Jurčíková, Božena
Format: Buchkapitel
Sprache:Slowakisch
Schlagworte:
Tags: Tag hinzufügen
Keine Tags, Fügen Sie das erste Tag hinzu!

MARC

LEADER 00000naa$a2200000$$$4500
001 0073085
005 20231106082214.6
041 0 |a slo 
044 |a SK 
245 1 0 |a Zdanenie v EÚ - sústava daní a správa daní v Poľsku  |c Miroslav Mečár, Božena Jurčíková 
520 |a Problematika poľskej daňovej sústavy. Podrobná analýza poľského daňového systému a následná komparácia so slovenskou daňovou sústavou. 
610 2 0 |a sústava daňová 
610 2 0 |a dane 
610 2 0 |a Poľsko 
610 2 0 |a Slovensko 
610 2 0 |a analýza komparatívna 
100 1 |a Mečár, Miroslav 
700 1 |a Jurčíková, Božena